000 004360000a22001690004500
041 0 _aSPA
082 0 4 _aG 268.4 E479a
100 1 _aEllyson, E. P.
245 1 0 _aEl alumno de escuela dominical / E.P. Ellyson
260 _aKansas City, MO., USA : Casa Nazarena
300 _a160 Pag
001 7980
942 _cBK
999 _c38179
_d38179
336 _atexto
_btxt
_2rdacontent
337 _2rdamedia
_asin mediación
_bn
338 _2rdacarrier
_avolumen
_bnc